00807 a2200217 4500999001900000005001700019010001500036020003100051035001400082037001300096082001700109245009300126250000900219260004500228270006800273300005500341700001500396700001900411942003300430952012600463 c183362d18336220211223150935.0 aENG-130560 a978-0-19-949983-0c1995.00 aEN-114092 bDBAD/PUB a362.10954b1 aHealth of the Nation:bPerspectives for a New India/cEdited by Ali Mehdi, Irudaya Rajan a2020 aNew DelhibOxford University Pressc2020 a22 Workspace, 2nd Floor, 1/22 Asaf Ali Road bNew Delhie110002 aix-xii, 322p.c28cm (pbk)bEditor and Contributors aMehdi, Ali aRajan, Irudaya adplcEN2ddch362.10954mHEA 001040708NFICaBNbBNd2021-12-23eDBAD/PUBg1995.00l0o362.10954 HEApEN-114092r2021-12-23 00:00:00t1v1995.00yEN